<?xml version="1.0" encoding="UTF-8"?>
<collection xmlns="http://www.loc.gov/MARC21/slim">
<record>
  <controlfield tag="001">156523</controlfield>
  <controlfield tag="005">20250516093847.0</controlfield>
  <datafield tag="037" ind1=" " ind2=" ">
    <subfield code="a">TAZ-TFG-2015-811</subfield>
  </datafield>
  <datafield tag="041" ind1=" " ind2=" ">
    <subfield code="a">spa</subfield>
  </datafield>
  <datafield tag="100" ind1="1" ind2=" ">
    <subfield code="a">Alejandro Ramis Trilles</subfield>
  </datafield>
  <datafield tag="245" ind1="0" ind2="0">
    <subfield code="a">Situación laboral de la enfermeras recién tituladas en una Escuela Universitaria de Enfermería. Análisis de las tres primeras promociones de Grado en Enfermería</subfield>
  </datafield>
  <datafield tag="260" ind1=" " ind2=" ">
    <subfield code="a">Zaragoza</subfield>
    <subfield code="b">Universidad de Zaragoza</subfield>
    <subfield code="c">2015</subfield>
  </datafield>
  <datafield tag="506" ind1=" " ind2=" ">
    <subfield code="a">by-nc-sa</subfield>
    <subfield code="b">Creative Commons</subfield>
    <subfield code="c">3.0</subfield>
    <subfield code="u">http://creativecommons.org/licenses/by-nc-sa/3.0/</subfield>
  </datafield>
  <datafield tag="520" ind1=" " ind2=" ">
    <subfield code="a">Resumen.______________________________________________ Objetivo: Identificar las condiciones laborales de los titulados de la Escuela Universitaria de Enfermería de Teruel. Identificar los elementos que han favorecido la contratación laboral. Conocer la opinión de los titulados de grado en Enfermería sobre los factores que favorecen la ocupación. Método: Estudio descriptivo transversal. Instrumento: Cuestionario semiestructurado cumplimentado vía internet. Población diana: Todos los titulados en la Escuela Universitaria de Enfermería de Teruel desde la instauración de los estudios de grado (tres promociones). Resultados: El 46,5% de los encuestados vivía con sus padres  en el momento del estudio. El tiempo transcurrido entre la fecha de graduación y la firma del primer contrato es de una media de 167,96 días (D.E.=157.086). El 83% de los contratos firmados tras terminar los estudios fueron de tipo temporal. El 20,9% de los sujetos tenían pensado presentarse al próximo examen E.I.R. El 32,6% de los encuestados opinó que el máster universitario es el estudio postgrado que más favorece la ocupación laboral, frente a un 44,2% que creía que ninguno de los posibles estudios postgrado favorecen el encuentro de empleo. Conclusiones: El porcentaje de inserción laboral es bajo y el tiempo medio hasta la primera contratación es elevado. El modelo de bolsa de empleo, basado en los requerimientos puntuales de personal, dificulta la inserción laboral de los recién titulados en enfermería. La independencia en vivienda no aumenta a la vez que lo hace la independencia económica. La contratación por parte de entidades privadas es prácticamente nula. Palabras clave: Empleo, Recién titulados, Enfermería, Situación laboral, contratación.&lt;br /></subfield>
  </datafield>
  <datafield tag="521" ind1=" " ind2=" ">
    <subfield code="a">Graduado en Enfermería</subfield>
  </datafield>
  <datafield tag="540" ind1=" " ind2=" ">
    <subfield code="a">Derechos regulados por licencia Creative Commons</subfield>
  </datafield>
  <datafield tag="700" ind1=" " ind2=" ">
    <subfield code="a">Ana Castellote García</subfield>
    <subfield code="e">dir.</subfield>
  </datafield>
  <datafield tag="710" ind1="2" ind2=" ">
    <subfield code="a">Universidad de Zaragoza</subfield>
    <subfield code="b">Fisiatría y Enfermería</subfield>
    <subfield code="c">Enfermería</subfield>
  </datafield>
  <datafield tag="856" ind1="0" ind2=" ">
    <subfield code="f">644967@celes.unizar.es</subfield>
  </datafield>
  <datafield tag="856" ind1="4" ind2=" ">
    <subfield code="s">1707252</subfield>
    <subfield code="u">http://zaguan.unizar.es/record/156523/files/TAZ-TFG-2015-811.pdf</subfield>
    <subfield code="y">Memoria (spa)</subfield>
  </datafield>
  <datafield tag="909" ind1="C" ind2="O">
    <subfield code="o">oai:zaguan.unizar.es:156523</subfield>
    <subfield code="p">driver</subfield>
    <subfield code="p">trabajos-fin-grado</subfield>
  </datafield>
  <datafield tag="950" ind1=" " ind2=" ">
    <subfield code="a"></subfield>
  </datafield>
  <datafield tag="980" ind1=" " ind2=" ">
    <subfield code="a">TAZ</subfield>
    <subfield code="b">TFG</subfield>
    <subfield code="c">ENFTER</subfield>
  </datafield>
  <datafield tag="951" ind1=" " ind2=" ">
    <subfield code="a">deposita:2025-05-16</subfield>
  </datafield>
</record>
</collection>